000 00304nam a22001337a 4500
008 171019b xxu||||| |||| 00| 0 eng d
020 _a9780256155440
041 _aeng
080 _27TH
_a338
100 _a53
101 _aMEN
245 _aCOMPARATIVE ECONOMIC SYSTEMS
_cBORNSTEIN,M
942 _2udc
_cBK
999 _c34836
_d34836